| 000 | 01373nam a2200277 i 4500 | ||
|---|---|---|---|
| 001 | 54835 | ||
| 003 | ES-MaACL | ||
| 005 | 20250725093042.0 | ||
| 007 | t| | ||
| 008 | 960731s1861 sp ||||1| spa d | ||
| 080 | _a908(64)"18" | ||
| 080 | _a325.3(460:6)"18" | ||
| 100 | 1 |
_aGalindo y Vera, León, _d1820-1889 _953452 |
|
| 245 | 1 | 0 |
_aIntereses legítimos y permanentes que en África tiene España y deberes que la civilización le impone respecto a aquel país : _bmemoria premiada por la Real Academia de Ciencias Morales y Políticas en el concurso del año 1861 / _csu autor, León Galindo y de Vera. |
| 260 |
_aMadrid : _b[s.n.], _c1861 ( _fImp. del Colegio de Sordo-Mudos y de Ciegos) |
||
| 300 |
_a51 p. ; _c24 cm. |
||
| 530 | _aDisponible en formato digital. | ||
| 651 | 4 |
_aMarruecos- _xDescripción. _99025 |
|
| 651 | 7 |
_aEspaña- _xColonias- _zÁfrica- _yS.XIX _2 _9159564 |
|
| 710 | 2 |
_aReal Academia de Ciencias Morales y Políticas (España) _9222050 |
|
| 852 | 4 |
_aES-MaACL _jT-61-F-6 |
|
| 852 | 4 |
_aES-MaACL _jF-M-III-O (II) _z- Enc. pasta española, falto de cub. original _z- Enc. en un vol. facticio |
|
| 856 | 4 |
_uhttp://bdh-rd.bne.es/viewer.vm?id=0000266096&page=1 _zBiblioteca Digital Hispánica |
|
| 856 | 4 |
_uhttps://bibliotecadigital.aecid.es/bibliodig/es/consulta/registro.do?id=8453 _zBiblioteca Digital AECID |
|
| 999 |
_c54835 _d54835 |
||